Statistics for Aasian maiden pääkaupungit

Click here to take the quiz!

General Stats

  • This quiz has been taken 287 times
  • The average score is 26 of 46

Answer Stats

Valtio Pääkaupunki % Correct
JapaniTokio
89%
KiinaPeking
88%
IsraelJerusalem
86%
IntiaNew Delhi
85%
Etelä-KoreaSoul
81%
ThaimaaBangkok
81%
SingaporeSingapore
80%
AfganistanKabul
77%
Pohjois-KoreaPjongjang
77%
IrakBagdad
74%
VietnamHanoi
74%
IndonesiaJakarta
73%
Yhdistyneet arabiemiirikunnatAbu Dhabi
69%
FilippiinitManila
69%
AzerbaidžanBaku
68%
IranTeheran
68%
KuwaitKuwait
67%
MalesiaKuala Lumpur
65%
SyyriaDamaskos
65%
MalediivitMalé
64%
NepalKathmandu
63%
ArmeniaJerevan
61%
LibanonBeirut
61%
PakistanIslamabad
59%
Saudi-ArabiaRiad
59%
BangladeshDhaka
59%
JordaniaAmman
58%
Sri LankaColombo / Kotte
58%
QatarDoha
57%
TaiwanTaipei
57%
GeorgiaTbilisi
56%
JemenSanaa
55%
Itä-TimorDili
52%
KazakstanAstana
51%
MongoliaUlan Bator
50%
LaosVientiane
47%
BahrainManama
46%
BhutanThimphu
38%
OmanMasqat
29%
KambodžaPhnom Penh
28%
UzbekistanTaškent
22%
KirgisiaBiškek
22%
BruneiBandar Seri Begawan
15%
MyanmarNaypyidaw
12%
TurkmenistanAšgabat
10%
TadžikistanDušanbe
9%

Score Distribution

Percentile by Number Answered

Percent of People with Each Score

Your Score History

You have not taken this quiz